Copa Libertadores da América - até 2015 - Statistics

Estatísticas Gerais
  • Esse quiz foi jogado 258 vezes
    232 desde o último reset
  • A pontuação média é 96 de 112
Estatísticas das Respostas
Ano/Colocação Clube % Correto
1974 - Vice | 1992 - Campeão | 1993 - Campeão | +3 others São Paulo
100%
1963 - Vice | 1977 - Campeão | 1978 - Campeão | +7 others Boca Juniors
99%
1962 - Campeão | 1963 - Campeão | 2003 - Vice | 2011 - Campeão Santos
99%
2012 - Campeão Corinthians
98%
1980 - Vice | 2006 - Campeão | 2010 - Campeão Internacional
98%
1961 - Vice | 1969 - Vice | 1999 - Campeão | 2000 - Vice Palmeiras
98%
1966 - Vice | 1976 - Vice | 1986 - Campeão | +2 others River Plate
98%
1983 - Campeão | 1984 - Vice | 1995 - Campeão | 2007 - Vice Grêmio
97%
1998 - Campeão Vasco da Gama
96%
1960 - Campeão | 1961 - Campeão | 1962 - Vice | +7 others Penharol
95%
2013 - Campeão Atlético Mineiro
94%
1981 - Campeão Flamengo
94%
2008 - Vice Fluminense
94%
1976 - Campeão | 1977 - Vice | 1997 - Campeão | 2009 - Vice Cruzeiro
92%
1964 - Campeão | 1965 - Campeão | 1972 - Campeão | +4 others Independiente
92%
1960 - Vice | 1979 - Campeão | 1989 - Vice | +4 others Olímpia
91%
1964 - Vice | 1967 - Vice | 1969 - Vice | +3 others Nacional
88%
2008 - Campeão LDU
85%
2014 - Campeão San Lorenzo
84%
2002 - VIce São Caetano
83%
1989 - Campeão | 1995 - Vice Nacional de Medellin
81%
1968 - Campeão | 1969 - Campeão | 1970 - Campeão | +2 others Estudiantes
80%
2005 - Vice Atlético Paranaense
76%
1973 - Vice | 1991 - Campeão Colo Colo
76%
1967 - Campeão Racing
76%
1985 - Vice | 1986 - Vice | 1987 - Vice | 1996 - Vice América de Cáli
74%
2004 - Campeão Once Caldas
72%
1994 - Campeão Vélez Sarsfield
70%
2015 - Vice Tigres
65%
1990 - Vice | 1998 - Vice Barcelona
63%
2010 - Vice Chivas Guadalajara
62%
1993 - Vice Universidad Católica
58%
1985 - Campeão Argentinos Juniors
56%
1988 - Vice | 1992 - Vice Newell's Old Boys
56%
1981 - Vice | 1982 - Vice Cobreloa
47%
1978 - Vice | 1999 - Vice Deportivo Cáli
46%
1997 - Vice Sporting Cristal
42%
2001 - Vice Cruz Azul
38%
2014 - Vice Nacional do Paraguai
38%
1972 - Vice Universitário
33%
1975 - Vice Unión Espanhola
17%
Nenhum quiz correspondente encontrado
Distribuição das Pontuações
Porcentagem de Pessoas com Cada Pontuação
Percentil de Números Respondidos
Sua Pontuação Histórica
Você não jogou esse quiz desde o último reset